Social Work Research

Salvato in:
Dettagli Bibliografici
Natura: Periodico
Lingua:inglese
Pubblicazione: Cary Oxford University Press
Tags: Aggiungi Tag
Nessun Tag, puoi essere il primo ad aggiungerne!!

MARC

LEADER 00000nas1a2200000 4500
001 0270007
005 20250701092114.8
022 |a 1545-6838 
022 |a 1070-5309 
041 0 |a eng 
044 |a GB 
245 1 0 |a Social Work Research 
264 1 |a Cary  |b Oxford University Press